000 00307cam a22001097a 4500
008 180718b1956 xxu||||| |||| 00| 0 eng d
082 _aB81303x54 In2/1956b
100 _aIndia. Houses of Parliament
245 _aThe States Reorganisation bill, 1956
260 _aNew Delhi
_bThe author
_c1956
300 _a68p.
999 _c392739
_d392739